[Event "Moscow"]
[Site "Moscow"]
[Date "1985.??.??"]
[Round "?"]
[White "Rodriguez, Amador"]
[Black "Polugaevsky, Lev"]
[Result "1/2-1/2"]
[WhiteElo "2505"]
[BlackElo "2625"]

1.e4 c5 2.Nf3 Nc6 3.d4 cxd4 4.Nxd4 e6 5.Nb5 d6 6.c4 Nf6 7.N1c3 a6 8.Na3 Be7
9.Be2 O-O 10.O-O b6 11.Be3 Ne5 12.f4 Ned7 13.Bf3 Bb7 14.Qe2 Rc8 15.g4 h6
16.h4 d5 17.exd5 Bxa3 18.bxa3 Nxd5 19.cxd5 Rxc3 20.Bd4 Rxa3 21.g5 hxg5 22.hxg5 e5
23.fxe5 Qxg5+ 24.Qg2 Qxg2+ 25.Bxg2 Re8 26.Rfe1 Rd3 27.Rad1 Rg3 28.Kf2 Rxg2+
29.Kxg2 Bxd5+ 30.Kg3 Bxa2 31.Bf2 Be6 32.Rd6 Rb8 33.Rb1 b5 34.Rxa6 Nxe5 35.Bd4 Nc4
36.Kf4 b4 37.Rg1 Kf8 38.Bxg7+ Ke7 39.Ra7+ Kd6 40.Rc1 Rb5 41.Ra6+  1/2-1/2

[Event "Moscow"]
[Site "Moscow"]
[Date "1985.??.??"]
[Round "?"]
[White "Sveshnikov, Evgeny"]
[Black "Ivkov, Borislav"]
[Result "1/2-1/2"]
[WhiteElo "2530"]
[BlackElo "2510"]

1.e4 c5 2.c3 d5 3.exd5 Qxd5 4.Nf3 Nf6 5.d4 e6 6.Na3 Qd8 7.Nc2 Be7 8.Bf4 Nc6
9.Bd3 cxd4 10.Ncxd4 Bd7 11.O-O O-O 12.Re1 Nd5 13.Bg3 Nxd4 14.Nxd4 Bf6 15.Nf3 Bc6
16.Ne5 g6 17.Nxc6 bxc6 18.Qf3 Bg7 19.Rad1 Qb6 20.c4 Ne7 21.Bd6 Rfe8 22.b4 Rac8
23.Bc5 Qa6 24.Bf1 Rc7 25.Rd2 Bf8 26.Bd6 Rcc8 27.Red1 h5 28.h3 Nf5 29.Bxf8 Rxf8
30.g4 hxg4 31.hxg4 Nh6 32.Rd7 Qb6 33.Qf4 Kg7 34.c5 Qb8 35.R1d6 Rc7 36.Qd4+ Kg8
37.Rd8 Rc8 38.R8d7 Rc7 39.Bg2 Rxd7 40.Rxd7 e5 41.Qc4 Qc8 42.Rxa7 Rd8 43.Bf3 Rd4
44.Qa6 Rxg4+ 45.Kf1 Qf5 46.Bxg4 Nxg4 47.Qe2 Nh2+ 48.Kg2 Qg5+ 49.Kxh2 Qh4+
50.Kg2 Qg5+ 51.Kh3 Qh6+ 52.Kg3 Qf4+  1/2-1/2

[Event "Moscow"]
[Site "Moscow"]
[Date "1985.??.??"]
[Round "?"]
[White "Sveshnikov, Evgeny"]
[Black "Razuvaev, Yuri S"]
[Result "1/2-1/2"]
[WhiteElo "2530"]
[BlackElo "2520"]

1.e4 e6 2.d4 d5 3.e5 c5 4.c3 Nc6 5.Nf3 Bd7 6.Be2 Nge7 7.Na3 cxd4 8.cxd4 Nf5
9.Nc2 Qb6 10.O-O a5 11.g4 Nfe7 12.Nfe1 h5 13.gxh5 Nf5 14.Be3 f6 15.Bd3 O-O-O
16.Bxf5 exf5 17.exf6 Be8 18.h6 gxf6 19.Qd2 Rd7 20.Nd3 Rdh7 21.Rae1 Bg6 22.f3 Bxh6
23.Bxh6 Rxh6 24.Rf2 f4 25.Nxf4  1/2-1/2

[Event "Moscow"]
[Site "Moscow"]
[Date "1985.??.??"]
[Round "?"]
[White "Sveshnikov, Evgeny"]
[Black "Romanishin, Oleg M"]
[Result "1/2-1/2"]
[WhiteElo "2530"]
[BlackElo "2570"]

1.e4 c5 2.c3 d5 3.exd5 Qxd5 4.d4 e6 5.Nf3 Nf6 6.Na3 Qd8 7.Nc2 Be7 8.g3 Bd7
9.Bg2 O-O 10.O-O Bc6 11.Qe2 Nbd7 12.Rd1 Qc8 13.c4 Re8 14.b3 a5 15.Bb2 b6
16.Ne3 Bf8 17.Ne5 Bxg2 18.Nxg2 cxd4 19.Nxd7 Nxd7 20.Rxd4 a4 21.Rad1 Nf6 22.R4d2 e5
23.Ne3 axb3 24.axb3 Bb4 25.Rc2 Bc5 26.Kg2 Ra2 27.Nd5 Qa8 28.f3 Nxd5 29.Rxd5 f6
30.Qd3 Qc6 31.Re2 Qe6 32.b4 Bf8 33.Rb5 Ra7 34.Qd5 Rd7 35.Rxb6 Qxd5 36.cxd5  1/2-1/2

[Event "Moscow"]
[Site "Moscow"]
[Date "1985.??.??"]
[Round "?"]
[White "Tukmakov, Vladimir B"]
[Black "Sveshnikov, Evgeny"]
[Result "1-0"]
[WhiteElo "2570"]
[BlackElo "2530"]

1.d4 d5 2.c4 e6 3.Nf3 Nf6 4.Nc3 c6 5.Bg5 h6 6.Bxf6 Qxf6 7.g3 Bb4 8.Bg2 Nd7
9.Qb3 Qe7 10.O-O O-O 11.a3 Ba5 12.Nd2 Nf6 13.e4 dxe4 14.Ndxe4 Rd8 15.Rad1 Nxe4
16.Nxe4 e5 17.d5 Bg4 18.d6 Bxd1 19.Rxd1 Qe8 20.Qxb7 Bb6 21.c5 f5 22.cxb6 fxe4
23.d7 Qh5 24.Re1 Qg5 25.Qxc6 axb6 26.Bxe4 Ra7 27.Qe6+ Kf8 28.Bc6 Qe7 29.Rxe5 Qxe6
30.Rxe6 Kf7 31.Re8 Raxd7 32.Bxd7 Rxd7 33.Rb8 Rd6 34.h4 Kf6 35.Kf1 Kf5 36.Ke2 Kg4
37.Rf8 g5 38.hxg5 hxg5 39.f4 Kxg3 40.fxg5 Kg4 41.Rf6  1-0

[Event "Moscow"]
[Site "Moscow"]
[Date "1985.??.??"]
[Round "?"]
[White "Vaganian, Rafael A"]
[Black "Ivkov, Borislav"]
[Result "1-0"]
[WhiteElo "2640"]
[BlackElo "2510"]

1.Nf3 c5 2.c4 g6 3.e4 Bg7 4.d4 cxd4 5.Nxd4 Nc6 6.Be3 Nf6 7.Nc3 d6 8.Be2 O-O
9.O-O Bd7 10.Qd2 Nxd4 11.Bxd4 Bc6 12.f3 Nd7 13.Be3 a5 14.b3 Nc5 15.Rab1 Qb6
16.Rfc1 Rfc8 17.Rc2 Qd8 18.Bf1 Be5 19.Nd1 Qe8 20.Nf2 b5 21.Ng4 Bg7 22.cxb5 Bxb5
23.Nh6+ Kf8 24.Bxb5 Qxb5 25.Qd5 Qe8 26.e5 Rd8 27.exd6 exd6 28.Re1 Rac8 29.Rxc5 Rxc5
30.Qxc5  1-0

[Event "Moscow"]
[Site "Moscow"]
[Date "1985.??.??"]
[Round "?"]
[White "Dolmatov, Sergey"]
[Black "Ftacnik, Lubomir"]
[Result "1-0"]
[WhiteElo "2540"]
[BlackElo "2545"]

1.e4 c5 2.Nf3 d6 3.d4 cxd4 4.Nxd4 Nf6 5.Nc3 a6 6.f4 e5 7.Nf3 Nbd7 8.a4 Be7
9.Bc4 Qa5 10.Qe2 b5 11.Ba2 bxa4 12.O-O O-O 13.Kh1 Bb7 14.Nh4 Rae8 15.Nf5 Qb4
16.fxe5 Nxe5 17.Bd2 Bd8 18.Nd5 Qxe4 19.Nxf6+ Bxf6 20.Qxe4 Bxe4 21.Nxd6 Bxc2
22.Nxe8 Rxe8 23.Bc3 Rb8 24.h3 Bg6 25.Bb1 Nc4 26.Bxg6 hxg6 27.Bxf6 gxf6 28.Rxa4 Nxb2
29.Ra2 Nc4 30.Rxf6 a5 31.Kh2 Rb5 32.Ra6 Kg7 33.Rf2 Ne5 34.Rf4 Rc5 35.Ra7 Kg8
36.Rf2 Rd5 37.Ra2 Nc4 38.Rc2 Ne5 39.Rac7 Nd7 40.Rc8+ Kg7 41.Rd8 Kf6 42.Ra2 g5
43.Ra8 Kg6 44.R2xa5 Rxa5 45.Rxa5 f6 46.Kg3 Ne5 47.Kf2 Nd3+ 48.Ke2 Nf4+ 49.Kf3 Ne6
50.Ke4 Nf4 51.Ra2 Ne6 52.Rd2 Nf4 53.Rc2 Ne6 54.Rd2 Nf4 55.Rc2 Ne6 56.g3 Ng7
57.g4 Ne6 58.Rc3 Kg7 59.Rc6 Nf4 60.Kf5 Nd5 61.Rd6 Ne3+ 62.Ke6 Ng2 63.Rd2 Ne3  1-0

[Event "Moscow"]
[Site "Moscow"]
[Date "1985.??.??"]
[Round "?"]
[White "Dolmatov, Sergey"]
[Black "Ivkov, Borislav"]
[Result "0-1"]
[WhiteElo "2540"]
[BlackElo "2510"]

1.e4 e5 2.Nf3 Nc6 3.Bc4 Nf6 4.Ng5 d5 5.exd5 Na5 6.Bb5+ c6 7.dxc6 bxc6 8.Be2 h6
9.Nh3 Bc5 10.d3 O-O 11.O-O Nb7 12.Kh1 Re8 13.Nc3 Bb6 14.f4 Bc7 15.fxe5 Bxe5
16.Bf4 Bxh3 17.gxh3 Bxf4 18.Rxf4 Nc5 19.Rc4 Ne6 20.Bf3 c5 21.Qf1 Rb8 22.Na4 Qd6
23.Qf2 Nd7 24.Bg2 Re7 25.Re4 Nf6 26.Re2 Rb4 27.b3 Rf4 28.Qg3 Nh5 29.Qe3 Rf5
30.Rae1 Nhf4 31.Rf2 Nxg2 32.Rxg2 Ng5 33.Qxe7 Rf1+ 34.Rg1 Qd5+ 35.Re4 Qf5
36.Re3 Qf2 37.Qxg5 hxg5 38.Rg3 Rxg1+ 39.Rxg1 Qf3+ 40.Rg2 Qd1+ 41.Rg1 Qxc2
42.Rxg5 Qxd3 43.Rg3  0-1

[Event "Moscow"]
[Site "Moscow"]
[Date "1985.??.??"]
[Round "?"]
[White "Dolmatov, Sergey"]
[Black "Rodriguez, Amador"]
[Result "1-0"]
[WhiteElo "2540"]
[BlackElo "2505"]

1.e4 c6 2.d4 d5 3.exd5 cxd5 4.c4 Nf6 5.Nc3 e6 6.Nf3 Bb4 7.Bd3 O-O 8.O-O dxc4
9.Bxc4 Nbd7 10.Bd3 b6 11.Bg5 Bb7 12.Rc1 Be7 13.Bb1 Re8 14.Qd3 Nf8 15.Ne5 Ng6
16.a3 Nxe5 17.dxe5 Qxd3 18.Bxd3 Nd5 19.Bxe7 Rxe7 20.Nxd5 Bxd5 21.Ba6 Rd8
22.Rfd1 f6 23.exf6 gxf6 24.f3 Rdd7 25.Rc8+ Kg7 26.Bb5 Rc7 27.Rc1 Rxc1+ 28.Rxc1 f5
29.Kf2 Kf6 30.Ke3 e5 31.g3 Kg5 32.Rd1 f4+ 33.Kf2 Bb7 34.Rd6 fxg3+ 35.Kxg3 Rg7
36.Bd3 Kh5+ 37.Kf2 Rf7 38.Be2 Kh4 39.Ke3 Kh3 40.Re6 Kxh2 41.Rxe5 Kg3 42.Rg5+ Kh4
43.f4 Bc8 44.Bf3 h6 45.Rg1 Bh3 46.Be4 Bg4 47.Rh1+ Kg3 48.f5 h5 49.Rg1+ Kh2
50.Rf1 Kg3 51.f6 Be6 52.Rg1+ Kh2 53.Rh1+ Kg3 54.Rxh5 Kg4 55.Bf3+ Kg3 56.Rg5+ Kh4
57.Rg7  1-0

[Event "Moscow"]
[Site "Moscow"]
[Date "1985.??.??"]
[Round "?"]
[White "Dolmatov, Sergey"]
[Black "Sveshnikov, Evgeny"]
[Result "1/2-1/2"]
[WhiteElo "2540"]
[BlackElo "2530"]

1.d4 d5 2.c4 e6 3.Nf3 Nf6 4.Nc3 c6 5.Bg5 h6 6.Bxf6 Qxf6 7.e3 Nd7 8.Bd3 Qd8
9.O-O Be7 10.a3 O-O 11.e4 dxc4 12.Bxc4 c5 13.dxc5 Bxc5 14.Qe2 a6 15.e5 b5
16.Qe4 Ra7 17.Bd3 g6 18.Qf4 g5 19.Qe4 f5 20.exf6 Nxf6 21.Qe2 Nd5 22.Nxd5 exd5  1/2-1/2

[Event "Moscow"]
[Site "Moscow"]
[Date "1985.??.??"]
[Round "?"]
[White "Dolmatov, Sergey"]
[Black "Tukmakov, Vladimir B"]
[Result "1/2-1/2"]
[WhiteElo "2540"]
[BlackElo "2570"]

1.e4 c5 2.Nf3 d6 3.d4 cxd4 4.Nxd4 Nf6 5.Nc3 a6 6.f4 e5 7.Nf3 Nbd7 8.a4 Qc7
9.Bd3 Be7 10.O-O O-O 11.Kh1 Re8 12.Nh4 exf4 13.Bxf4 Nc5 14.Bg5 Be6 15.Nf5 Bxf5
16.exf5 Ncd7 17.Be2 h6 18.Bh4 Rac8 19.a5 Bf8 20.Bf3 Re5 21.Bxf6 Nxf6 22.Nd5 Nxd5
23.Bxd5 Be7 24.c4 Bf6 25.Qa4 Rce8 26.Qb4 Re2 27.Qxb7  1/2-1/2

[Event "Moscow"]
[Site "Moscow"]
[Date "1985.??.??"]
[Round "?"]
[White "Ftacnik, Lubomir"]
[Black "Geller, Efim P"]
[Result "1/2-1/2"]
[WhiteElo "2545"]
[BlackElo "2540"]

1.d4 Nf6 2.c4 e6 3.Nf3 d5 4.Nc3 Be7 5.Bg5 h6 6.Bxf6 Bxf6 7.e3 O-O 8.Qb3 c6
9.Rd1 Nd7 10.Bd3 Qe7 11.O-O dxc4 12.Bxc4 c5 13.Ne4 cxd4  1/2-1/2

[Event "Moscow"]
[Site "Moscow"]
[Date "1985.??.??"]
[Round "?"]
[White "Ftacnik, Lubomir"]
[Black "Sveshnikov, Evgeny"]
[Result "1/2-1/2"]
[WhiteElo "2545"]
[BlackElo "2530"]

1.d4 d5 2.c4 e6 3.Nc3 c6 4.Nf3 Nf6 5.Bg5 h6 6.Bxf6 Qxf6 7.e3 Nd7 8.Bd3 Qd8
9.O-O Be7 10.e4 dxc4 11.Bxc4 b5 12.Bb3 b4 13.Na4 O-O 14.Rc1 Bb7 15.d5 cxd5
16.exd5 exd5 17.Bxd5 Bxd5 18.Qxd5 Nb6 19.Qb3  1/2-1/2

[Event "Moscow"]
[Site "Moscow"]
[Date "1985.??.??"]
[Round "?"]
[White "Ftacnik, Lubomir"]
[Black "Tukmakov, Vladimir B"]
[Result "1/2-1/2"]
[WhiteElo "2545"]
[BlackElo "2570"]

1.d4 Nf6 2.c4 e6 3.Nf3 b6 4.g3 Bb7 5.Bg2 Be7 6.O-O O-O 7.Nc3 Ne4 8.Bd2 f5
9.d5 Bf6 10.Rc1 Na6 11.Be1 Nac5 12.Nd4 Qe7 13.Nxe4 Nxe4 14.f3 Ng5 15.Bf2 c5
16.dxc6 dxc6 17.Qb3 c5 18.Nb5 Rfd8 19.Rcd1 Bc6 20.a3 Nf7 21.Nc3 Qb7 22.Rxd8+ Rxd8
23.Rd1 Rxd1+ 24.Nxd1 g5 25.h3 h5 26.Ne3 Bd4 27.Nc2 Be5 28.Ne1 Qc7 29.g4 h4
30.Qc2 Qd7 31.b4 Bd4 32.e3 Bf6 33.gxf5 exf5 34.bxc5 bxc5 35.Nd3 Qd6 36.e4 fxe4
37.fxe4 Bd4 38.e5 Bxf2+ 39.Nxf2 Nxe5 40.Qf5 Bxg2 41.Qxg5+ Kf7 42.Kxg2  1/2-1/2

[Event "Moscow"]
[Site "Moscow"]
[Date "1985.??.??"]
[Round "?"]
[White "Geller, Efim P"]
[Black "Dolmatov, Sergey"]
[Result "1-0"]
[WhiteElo "2540"]
[BlackElo "2540"]

1.e4 e6 2.d4 d5 3.Nd2 Nf6 4.e5 Nfd7 5.Bd3 c5 6.c3 Nc6 7.Ne2 cxd4 8.cxd4 f6
9.exf6 Nxf6 10.O-O Bd6 11.Nf3 Qc7 12.Bg5 O-O 13.Rc1 Ng4 14.Ng3 g6 15.Nh4 e5
16.Be2 Nf6 17.dxe5 Bxe5 18.b4 Bf4 19.Bxf4 Qxf4 20.b5 Nb4 21.Nxg6 hxg6 22.a3 Be6
23.axb4 Qxb4 24.Qd3 Kg7 25.Qe3 Qd6 26.Bd3 Kf7 27.Rfe1 a5 28.bxa6 bxa6 29.Qg5 Rg8
30.Ne2 Nh7 31.Qh6 Nf8 32.Nd4 Bd7 33.Nf3 Re8 34.h4 Rg7 35.h5 Kg8 36.hxg6 Nxg6
37.Rxe8+ Bxe8 38.Rc8 Qd7 39.Ra8 Nf8 40.Qf4 Ne6 41.Qe5 Nc7 42.Rb8 Qe7 43.Qh5 Qf7
44.Qe5 Qe7 45.Qh5 Qf7 46.Qh6 Qe7 47.Bg6 Qf6 48.Nh4 Qa1+ 49.Kh2 Qe5+ 50.g3 Qd4
51.Kg2 Qg4 52.Bf5 Qe2 53.Ng6  1-0

[Event "Moscow"]
[Site "Moscow"]
[Date "1985.??.??"]
[Round "?"]
[White "Geller, Efim P"]
[Black "Ivkov, Borislav"]
[Result "1/2-1/2"]
[WhiteElo "2540"]
[BlackElo "2510"]

1.e4 e5 2.Nf3 Nc6 3.Bb5 a6 4.Ba4 d6 5.O-O Bd7 6.d4 Nf6 7.c3 Be7 8.Nbd2 O-O
9.Re1 Re8 10.Nf1 Bf8 11.Bg5 b5 12.Bc2 h6 13.Bh4 Be7 14.Ne3 Ng4 15.Bxe7 Rxe7
16.Nd5 Re8 17.a4 Rb8 18.axb5 axb5 19.Qd3 g6 20.Qd2 Kg7 21.h3 Nf6 22.Bb3 Nh7
23.dxe5 Nxe5 24.Nxe5 dxe5 25.Nb4 c5 26.Ra7 Nf6 27.Nd5 Be6 28.c4  1/2-1/2

[Event "Moscow"]
[Site "Moscow"]
[Date "1985.??.??"]
[Round "?"]
[White "Geller, Efim P"]
[Black "Romanishin, Oleg M"]
[Result "1/2-1/2"]
[WhiteElo "2540"]
[BlackElo "2570"]

1.e4 e5 2.Nf3 Nc6 3.Bb5 a6 4.Ba4 Nf6 5.O-O Be7 6.Re1 b5 7.Bb3 d6 8.c3 O-O
9.h3 Na5 10.Bc2 c5 11.d4 Nc6 12.d5 Na5 13.Nbd2 g6 14.b4 Nb7 15.a4 Bd7 16.Nf1 Qc7
17.Bh6 Rfc8 18.axb5 cxb4 19.bxa6 Nc5 20.cxb4 Nxa6 21.Ba4 Nxb4 22.Bxd7 Rxa1
23.Qxa1 Nxd7 24.Rc1 Nc5 25.Ng3 Nbd3 26.Rc3 Qb7 27.Ra3 Bf8 28.Be3 Rb8 29.Ra7 Qb1+
30.Qxb1 Rxb1+ 31.Kh2 Rb7 32.Rxb7 Nxb7 33.Nd2 Be7 34.Nc4 Bh4 35.Bb6 Kf8 36.Nh1 Ke7
37.g3 Bg5 38.f3 Ne1 39.f4 exf4 40.Kg1 Nd3 41.Nf2 Ndc5 42.Kg2 fxg3 43.Kxg3 h5
44.e5 dxe5 45.Nxe5 Bf6 46.Nc4 Bd4 47.Bc7 Bxf2+ 48.Kxf2 Ne4+ 49.Kf3 Nf6 50.Ne3 Nc5
51.Bf4 Ncd7 52.h4 Ke8 53.Bc7 Ke7 54.Bf4 Ne8 55.Ke4 f6 56.Nc4 Nc5+ 57.Kd4 Nb7
58.Bb8 Ng7 59.Ne3 Kd7 60.Bf4 Ne8 61.Bg3 Ned6 62.Be1 Nd8 63.Bg3 N8f7 64.Bf4 Nb5+
65.Kc4 Nfd6+ 66.Kd3 Nb7 67.Kc4 N5d6+ 68.Kd4 Na5 69.Kc3 Ne4+ 70.Kd4 Nf2 71.Bb8 Ng4
72.Nxg4 hxg4 73.Ke4 Nc4 74.Kf4 Kc8 75.Ba7 Ne5 76.Bg1 Kd7 77.Bh2 Kd6 78.Ke4 Ke7
79.Kf4 Nc4 80.Kxg4 Ne3+ 81.Kf3 Nxd5 82.Kg4 Ne3+ 83.Kf4 Nc4 84.Bg1 Ke6 85.Bd4  1/2-1/2

[Event "Moscow"]
[Site "Moscow"]
[Date "1985.??.??"]
[Round "?"]
[White "Geller, Efim P"]
[Black "Vaganian, Rafael A"]
[Result "0-1"]
[WhiteElo "2540"]
[BlackElo "2640"]

1.e4 Nf6 2.e5 Nd5 3.d4 d6 4.Nf3 g6 5.Be2 Bg7 6.O-O O-O 7.c4 Nb6 8.exd6 cxd6
9.Nc3 Nc6 10.h3 Bf5 11.Bf4 h6 12.Rc1 e5 13.Be3 e4 14.Nd2 d5 15.cxd5 Nxd5
16.Nxd5 Qxd5 17.Bc4 Qd8 18.d5 Ne5 19.Bc5 Re8 20.Bb5 Nd3 21.Bxe8 Qxe8 22.Rc2 Nxc5
23.Rxc5 e3 24.Qc1 exd2 25.Qxd2 Qe5 26.Re1 Qd6 27.Rcc1 Rd8 28.Qa5 Bd4 29.Rcd1 Bc5
30.Qa4 Qg3 31.Re8+ Rxe8 32.Qxe8+ Kg7 33.Rd2 Bxh3 34.Qe4 Bf5 35.Qc4 Qd6 36.a3 Bb6
37.Qc3+ Kh7 38.b4 h5 39.g3 Be4  0-1

[Event "Moscow"]
[Site "Moscow"]
[Date "1985.??.??"]
[Round "?"]
[White "Ivkov, Borislav"]
[Black "Ftacnik, Lubomir"]
[Result "1/2-1/2"]
[WhiteElo "2510"]
[BlackElo "2545"]

1.Nf3 Nf6 2.c4 c5 3.b3 g6 4.Bb2 Bg7 5.g3 b6 6.Bg2 Bb7 7.O-O O-O 8.Nc3 e6
9.d4 Na6 10.e3 d5 11.Ne5 Qe7 12.cxd5 exd5 13.Rc1 Rfd8 14.Qe2 Nc7 15.Rfd1 Ne4
16.Qc2 Rac8 17.Nxe4 dxe4 18.Bxe4 Bxe4 19.Qxe4 f6 20.dxc5 fxe5 21.cxb6 axb6
22.Qb7 Rxd1+ 23.Rxd1 Rd8 24.Rxd8+ Qxd8 25.Qxb6 Qd1+ 26.Kg2 Qd5+ 27.Kg1 Ne6
28.e4 Qd7 29.Qb8+ Kf7 30.Bxe5 Ng5 31.Bxg7 Qd1+ 32.Kg2 Qf3+ 33.Kf1 Qd3+ 34.Kg1 Qb1+
35.Kg2 Qxe4+ 36.Kf1 Qd3+ 37.Kg2 Qd5+ 38.Kf1 Qd1+ 39.Kg2 Qf3+ 40.Kf1 Qd3+
41.Kg2 Qe4+  1/2-1/2

[Event "Moscow"]
[Site "Moscow"]
[Date "1985.??.??"]
[Round "?"]
[White "Ivkov, Borislav"]
[Black "Polugaevsky, Lev"]
[Result "1/2-1/2"]
[WhiteElo "2510"]
[BlackElo "2625"]

1.Nf3 Nf6 2.c4 b6 3.g3 c5 4.Bg2 Bb7 5.b3 e6 6.O-O Be7 7.Bb2 O-O 8.Nc3 d5
9.e3 Nbd7 10.Qe2 dxc4 11.bxc4 Ne4 12.Nxe4 Bxe4 13.d3 Bb7 14.a4  1/2-1/2

[Event "Moscow"]
[Site "Moscow"]
[Date "1985.??.??"]
[Round "?"]
[White "Ivkov, Borislav"]
[Black "Romanishin, Oleg M"]
[Result "0-1"]
[WhiteElo "2510"]
[BlackElo "2570"]

1.d4 Nf6 2.c4 e6 3.Nf3 b6 4.e3 c5 5.Bd3 d6 6.O-O Nbd7 7.b3 Be7 8.Bb2 O-O
9.Nc3 g6 10.Qe2 a6 11.Rad1 Bb7 12.Bb1 Qc7 13.e4 Rfe8 14.Rfe1 cxd4 15.Nxd4 Rad8
16.h3 Bf8 17.Qe3 Qb8 18.Kh1 Bg7 19.f4 Nh5 20.Rf1 Qa8 21.g4 Nhf6 22.Kg1 Nc5
23.Rde1 Qb8 24.Qf2 Ba8 25.b4 Ncd7 26.Nf3 Rf8 27.f5 Rfe8 28.g5 Nh5 29.f6 Bf8
30.a3 Qc7 31.Nd2 Ne5 32.Rc1 Qb8 33.Ne2 d5 34.cxd5 exd5 35.Ng3 Nd3 36.Bxd3 Nxg3
37.e5 Nxf1 38.Nf3 d4 39.Nxd4 Qxe5 40.Bxf1 Rxd4  0-1

[Event "Moscow"]
[Site "Moscow"]
[Date "1985.??.??"]
[Round "?"]
[White "Razuvaev, Yuri S"]
[Black "Rodriguez, Amador"]
[Result "1/2-1/2"]
[WhiteElo "2520"]
[BlackElo "2505"]

1.d4 Nf6 2.c4 e6 3.Nf3 b6 4.Nc3 Bb7 5.a3 d5 6.cxd5 Nxd5 7.e3 g6 8.h4 Bg7
9.h5 O-O 10.hxg6 hxg6 11.Nxd5 exd5 12.Bd2 Nd7 13.Bd3 Re8 14.Bc3 a5 15.Qc2 Ba6
16.Bxa6  1/2-1/2

[Event "Moscow"]
[Site "Moscow"]
[Date "1985.??.??"]
[Round "?"]
[White "Razuvaev, Yuri S"]
[Black "Tukmakov, Vladimir B"]
[Result "1/2-1/2"]
[WhiteElo "2520"]
[BlackElo "2570"]

1.d4 Nf6 2.c4 e6 3.Nf3 b6 4.Nc3 Bb7 5.a3 d5 6.cxd5 exd5 7.Qa4+ Qd7 8.Qxd7+ Nbxd7
9.Nb5 Bd6 10.Nxd6+ cxd6 11.Bf4 Ke7 12.e3 Ne4 13.Bd3 Rac8 14.Ke2 Nb8 15.Rhc1 Ba6
16.Ne1 g5 17.Bg3 f5 18.f3 Nf6 19.Kd2 Bxd3 20.Nxd3 Nc6 21.Rc3 Kd7 22.b3 Ne7
23.Rxc8 Rxc8 24.a4 Nc6 25.Rc1 Re8 26.Bf2 Na5 27.Kc3 Rc8+ 28.Kb2 Rxc1 29.Nxc1 Nc6
30.Kc3 a6 31.Ne2 h6 32.h3  1/2-1/2

[Event "Moscow"]
[Site "Moscow"]
[Date "1985.??.??"]
[Round "?"]
[White "Rodriguez, Amador"]
[Black "Ftacnik, Lubomir"]
[Result "1/2-1/2"]
[WhiteElo "2505"]
[BlackElo "2545"]

1.e4 c5 2.Nf3 d6 3.d4 cxd4 4.Nxd4 Nf6 5.Nc3 a6 6.Be3 e6 7.Qd2 Nc6 8.O-O-O Bd7
9.f3 b5 10.g4 h6 11.h4 Rc8 12.Rg1 Nxd4 13.Bxd4 b4 14.Ne2 e5 15.Be3 Qa5  1/2-1/2

[Event "Moscow"]
[Site "Moscow"]
[Date "1985.??.??"]
[Round "?"]
[White "Rodriguez, Amador"]
[Black "Sveshnikov, Evgeny"]
[Result "1/2-1/2"]
[WhiteElo "2505"]
[BlackElo "2530"]

1.e4 c5 2.Nf3 e6 3.d4 cxd4 4.Nxd4 Nf6 5.Nc3 Nc6 6.Ndb5 d6 7.Bf4 e5 8.Bg5 a6
9.Na3 b5 10.Nd5 Be7 11.Bxf6 Bxf6 12.c3 O-O 13.Nc2 Rb8 14.Be2 Bg5 15.O-O a5
16.Na3 b4  1/2-1/2

[Event "Moscow"]
[Site "Moscow"]
[Date "1985.??.??"]
[Round "?"]
[White "Romanishin, Oleg M"]
[Black "Ftacnik, Lubomir"]
[Result "1/2-1/2"]
[WhiteElo "2570"]
[BlackElo "2545"]

1.c4 Nf6 2.g3 c5 3.Bg2 e6 4.Nf3 a6 5.Nc3 b6 6.d4 cxd4 7.Nxd4 Ra7 8.O-O Be7
9.e4 d6 10.Be3 O-O 11.a4 Rc7 12.Qe2 Nfd7 13.Rfd1 Bb7 14.a5 bxa5 15.Nb3 Nc6
16.c5 dxc5 17.Nxc5 Qc8 18.Nxb7 Rxb7 19.Qxa6 Nc5 20.Bxc5 Bxc5 21.e5 Rc7 22.Qxc8 Rcxc8
23.Ne4 Nxe5 24.Rxa5 Bd4 25.b3 Rfd8 26.Kf1 Nc6 27.Ra4 e5 28.Rc1 Na7 29.Rxc8 Rxc8
30.Rc4 Rxc4 31.bxc4 Kf8 32.Nd6 g6 33.Bd5 f5 34.f3  1/2-1/2

[Event "Moscow"]
[Site "Moscow"]
[Date "1985.??.??"]
[Round "?"]
[White "Romanishin, Oleg M"]
[Black "Razuvaev, Yuri S"]
[Result "1-0"]
[WhiteElo "2570"]
[BlackElo "2520"]

1.e4 e6 2.d4 d5 3.e5 c5 4.c3 Nc6 5.Nf3 Nge7 6.a3 cxd4 7.cxd4 Nf5 8.Nc3 Be7
9.Bb5 Bd7 10.Ba4 Qb6 11.Ne2 f6 12.g4 Nh6 13.exf6 Bf8 14.Bxh6 gxh6 15.Qd2 O-O-O
16.Bxc6 Bxc6 17.Ne5 Be8 18.O-O Kb8 19.Rfe1 Bd6 20.Nf4 Rg8 21.h3 Bd7 22.Nxd7+ Rxd7
23.Rxe6 h5 24.Rae1 a6 25.Nxh5 Ka7 26.Ng7 Qb3 27.R1e3 Qb6 28.Re7 Rdd8 29.Re8 Rgxe8
30.Rxe8 Rd7 31.Nf5 Bb8 32.Re7  1-0

[Event "Moscow"]
[Site "Moscow"]
[Date "1985.??.??"]
[Round "?"]
[White "Romanishin, Oleg M"]
[Black "Rodriguez, Amador"]
[Result "1-0"]
[WhiteElo "2570"]
[BlackElo "2505"]

1.Nf3 Nf6 2.c4 b6 3.g3 c5 4.Bg2 Bb7 5.d3 g6 6.e4 Bg7 7.O-O d6 8.Nc3 O-O 9.Nh4 Nc6
10.f4 Rb8 11.g4 a6 12.a4 Nd4 13.Kh1 Nd7 14.Nf3 Bc6 15.Nxd4 cxd4 16.Na2 Nc5
17.Nb4 Ba8 18.f5 e6 19.Ra3 Be5 20.Qe1 Re8 21.Qf2 a5 22.Nc2 d5 23.exd5 exd5
24.b4 axb4 25.Nxb4 dxc4 26.Bxa8 Rxa8 27.fxg6 fxg6 28.dxc4 Qd7 29.Nd5 Bg7
30.Rf3 Qxg4 31.Nc7 Ne4 32.Qg2 Qxg2+ 33.Kxg2 Rec8 34.Nxa8 Rxa8 35.Rb3 Nc5
36.Rxb6 Nxa4 37.Rc6 Nc3 38.Bf4 Re8 39.Rd6 Ne4 40.Rb6 d3 41.Rd1 d2 42.Rb8 Rxb8
43.Bxb8 Bh6 44.Be5 Be3 45.c5 Nxc5 46.Kf3 Bh6 47.Bc3 Kf7 48.Bxd2 Bxd2 49.Rxd2 Kf6
50.Rd5 Ne6 51.Ke4 Ng5+ 52.Ke3 Ne6 53.Ra5 h6 54.Ke4 Ng5+ 55.Kf4 Ne6+ 56.Ke3 h5
57.Ke4 Ng5+ 58.Kf4 Ne6+ 59.Ke3 Ng5 60.h4 Ne6 61.Ke4 g5 62.Rf5+ Kg6 63.Ke5 gxh4
64.Kxe6 h3 65.Ke5 h2 66.Rf1 Kg5 67.Rh1 Kg4 68.Rxh2 h4 69.Rg2+ Kf3 70.Ra2 Kg4  1-0

[Event "Moscow"]
[Site "Moscow"]
[Date "1985.??.??"]
[Round "?"]
[White "Tukmakov, Vladimir B"]
[Black "Romanishin, Oleg M"]
[Result "1/2-1/2"]
[WhiteElo "2570"]
[BlackElo "2570"]

1.d4 Nf6 2.c4 g6 3.g3 Bg7 4.Bg2 d6 5.Nc3 O-O 6.Nf3 c6 7.O-O Bf5 8.Nh4 Bd7
9.f4 Qb6 10.Kh1 Qa6 11.b3 d5 12.f5 b5 13.cxb5 cxb5 14.Bg5 b4 15.Bxf6 bxc3
16.Bxg7 Kxg7 17.Qc1 Qd6 18.Qxc3 Nc6 19.Qd2 Rac8 20.Rad1 Nb4 21.Rc1 Rxc1 22.Rxc1 Rc8
23.Rxc8 Bxc8 24.fxg6 hxg6 25.Nf3 Bf5 26.a3 Nc2 27.Nh4 Nxa3 28.Nxf5+ gxf5
29.Qg5+ Kf8 30.Qxf5 e6 31.Qd3 Qb4 32.Bf3 Nb5 33.e3 Nc3 34.Qc2 Kg7 35.Kg2 Nb5
36.Be2 Nd6 37.Bd3 Qe1 38.Qe2 Qc3 39.Qc2 Qe1 40.Qe2 Qc3 41.Qd1 a5 42.h4 f5
43.g4 Qb2+ 44.Kg3 f4+ 45.exf4 Qxd4 46.Qe2 Qg1+ 47.Kh3 Qh1+ 48.Kg3 Qg1+ 49.Kf3 Qh1+  1/2-1/2

[Event "Moscow"]
[Site "Moscow"]
[Date "1985.??.??"]
[Round "?"]
[White "Vaganian, Rafael A"]
[Black "Romanishin, Oleg M"]
[Result "1/2-1/2"]
[WhiteElo "2640"]
[BlackElo "2570"]

1.Nf3 Nf6 2.g3 d6 3.Bg2 e5 4.c4 c6 5.Nc3 Be7 6.O-O O-O 7.d3 Na6 8.Rb1 Nc7
9.b4 Bg4 10.b5 Qc8 11.bxc6 bxc6 12.Qa4 Ne6 13.Be3 Re8 14.Rfc1 Nd7 15.Ne1 Nd4
16.Bxd4 exd4 17.Qxc6 dxc3 18.Qxa8 Qxa8 19.Bxa8 Rxa8 20.Rxc3 Bf6 21.Rc2 g5
22.e3 Rc8 23.f3 Be6 24.Kf2 Nb6 25.Rb4 Rc5 26.Rb5 Bd7 27.Rb4 Ra5 28.d4 Bf5
29.Re2 Be6 30.Rc2 Bf5 31.Re2 Be6 32.Rc2  1/2-1/2

[Event "Moscow"]
[Site "Moscow"]
[Date "1985.??.??"]
[Round "?"]
[White "Vaganian, Rafael A"]
[Black "Rodriguez, Amador"]
[Result "1-0"]
[WhiteElo "2640"]
[BlackElo "2505"]

1.Nf3 Nf6 2.g3 d5 3.Bg2 c6 4.c4 dxc4 5.Na3 b5 6.b3 cxb3 7.axb3 Bb7 8.Bb2 e6
9.O-O Be7 10.Qc2 a6 11.Ne5 O-O 12.Rfc1 Qb6 13.d4 Rc8 14.Nd3 Nbd7 15.Nc5 Nxc5
16.dxc5 Qc7 17.Nb1 Nd7 18.Bd4 Bf6 19.Rd1 Rd8 20.Na3 Bxd4 21.Rxd4 Nf6 22.e3 e5
23.Rdd1 Rxd1+ 24.Rxd1 Rd8 25.b4 Rxd1+ 26.Qxd1 Kf8 27.Nc2 Bc8 28.Qa1 Ke7 29.f4 Nd7
30.Bh3 f6 31.Qa2 Kf8 32.Ne1 Nb8 33.Bxc8 Qxc8 34.Nf3 Qf5 35.Qd2 Qd7 36.Qc2 exf4
37.gxf4 Qd5 38.Kf2 Nd7 39.e4 Qe6 40.Kg3 Qf7 41.Qd3 Ke8 42.Nh4 g6 43.Nf3 Nf8
44.Qd6 Qe6 45.Qb8+ Kf7 46.e5 h5 47.h3 Nd7 48.Qh8 Qe8 49.Qh7+ Ke6 50.Nd4+ Kd5
51.e6 Nf8 52.Qc7 h4+ 53.Kf2 Kxd4 54.e7 Ne6 55.Qd6+ Kc4 56.Qxe6+ Kxb4 57.Qd6  1-0